University Home | Library Home | Institutional Repository

Construction equipment guide. (Record no. 134930)

MARC details
000 -LEADER
fixed length control field 00821cam3a220026500 4500
001 - CONTROL NUMBER
control field lce00768923
008 - FIXED-LENGTH DATA ELEMENTS--GENERAL INFORMATION
fixed length control field 721003s1973 nyua b 000 0 eng
010 ## - LIBRARY OF CONGRESS CONTROL NUMBER
LC control number 72010163
020 ## - INTERNATIONAL STANDARD BOOK NUMBER
International Standard Book Number 0471199850
035 ## - SYSTEM CONTROL NUMBER
System control number (Sirsi) r95621
035 ## - SYSTEM CONTROL NUMBER
System control number (DLC) 72010163
035 ## - SYSTEM CONTROL NUMBER
System control number (UPRA)lce00768923
040 ## - CATALOGING SOURCE
Modifying agency UPRA
050 0# - LIBRARY OF CONGRESS CALL NUMBER
Classification number TH900
Item number .D38
082 ## - DEWEY DECIMAL CLASSIFICATION NUMBER
Classification number 624/.028
100 1# - MAIN ENTRY--PERSONAL NAME
Personal name Day, David A., 1924-
Dates associated with a name Day, David A., 1924-
Linkage A54261.1
245 10 - TITLE STATEMENT
Title Construction equipment guide.
260 ## - PUBLICATION, DISTRIBUTION, ETC.
Place of publication, distribution, etc. New York :
Name of publisher, distributor, etc. Wiley,
Date of publication, distribution, etc. [1973]
490 0# - SERIES STATEMENT
Series statement Wiley series of practical construction guides
Linkage S3867.1
500 ## - GENERAL NOTE
General note "A Wiley-Interscience publication."
504 ## - BIBLIOGRAPHY, ETC. NOTE
Bibliography, etc. note Includes bibliographical references.
650 #0 - SUBJECT ADDED ENTRY--TOPICAL TERM
Topical term or geographic name entry element Construction equipment.
Linkage S13738.1
949 ## - LOCAL PROCESSING INFORMATION (OCLC)
a TH900
w lcc
i -135073
m MAIN
t BOOK
l ON-SHELF

No items available.

© 2026 - The University of Zambia Library - Koha v25.11